Discurso pronunciado en la Universidad Literaria de Granada en la solemne apertura del curso de 1886 a 1887 / (Record no. 154578)

MARC details
000 -LEADER
campo de control de longitud fija 01164nam a2200205 i 4500
001 - NÚMERO DE CONTROL
campo de control 154578
003 - IDENTIFICADOR DE NÚMERO DE CONTROL
campo de control ES-MaACL
005 - FECHA Y HORA DE LA ÚLTIMA TRANSACCIÓN
campo de control 20230906205802.0
008 - DATOS DE LONGITUD FIJA--INFORMACIÓN GENERAL
campo de control de longitud fija 990701s1886 sp |||| | spa d
040 ## - FUENTE DE CATALOGACIÓN
Centro catalogador/agencia de origen GA
Lengua de catalogación spa
Centro/agencia transcriptor CCPB | 3D
100 1# - ENTRADA PRINCIPAL--NOMBRE DE PERSONA
Nombre de persona González Garbín, Antonio.
9 (RLIN) 127411
245 10 - MENCIÓN DEL TÍTULO
Título Discurso pronunciado en la Universidad Literaria de Granada en la solemne apertura del curso de 1886 a 1887 /
Mención de responsabilidad, etc. por el Doctor D. Antonio González Garbín.
260 ## - PUBLICACIÓN, DISTRIBUCIÓN, ETC.
Lugar de publicación, distribución, etc. Granada :
Nombre del editor, distribuidor, etc. [s.n.],
Fecha de publicación, distribución, etc. 1886 (
Fabricante Imprenta de Indalecio Ventura)
300 ## - DESCRIPCIÓN FÍSICA
Extensión 59 p. ;
Dimensiones 31 cm.
500 ## - NOTA GENERAL
Nota general Tema: Sobre los orígenes, progresos y estado actual de la ciencia glotológica, y en especial de aquellos estudios que se refieren á las lenguas de la raza indoeuropea.
710 2# - ENTRADA AGREGADA--NOMBRE DE ENTIDAD CORPORATIVA
Nombre de entidad corporativa o nombre de jurisdicción como elemento de entrada Universidad Literaria de Granada.
9 (RLIN) 153703
852 ## - LOCALIZACIÓN
Ubicación ES-MaACL
Número de control de estantería T-448-F-1
Nota libre -- Enc. hol., falto de la cub. original
-- -- Enc. en un vol. facticio
Encuadernación -- Hay tres ejemp. en este tomo (1, 6 y 8)
852 ## - LOCALIZACIÓN
Ubicación ES-MaACL
Número de control de estantería T-448-F-6
Nota libre -- Enc. hol., falto de la cub. original
-- -- Enc. en un vol. facticio
852 ## - LOCALIZACIÓN
Ubicación ES-MaACL
Número de control de estantería T-448-F-8
Nota libre -- Enc. hol., falto de la cub. original
-- -- Enc. en un vol. facticio
Holdings
Estatus retirado Estado de pérdida Estado de daño No para préstamo Colección Biblioteca de origen Biblioteca actual Ubicación en estantería Fecha de adquisición Fuente de adquisición Total de préstamos Signatura topográfica completa Código de barras Visto por última vez Precio de reemplazo Tipo de ítem Koha
        Colección de folletos Biblioteca del Ateneo de Madrid Biblioteca del Ateneo de Madrid Depósito folletos 09/12/2016     T-448-F-8 1196797 23/02/2023 23/02/2023 Folleto
        Colección de folletos Biblioteca del Ateneo de Madrid Biblioteca del Ateneo de Madrid Depósito folletos 17/01/2008     T-448-F-1 1161668 23/02/2023 23/02/2023 Folleto
        Colección de folletos Biblioteca del Ateneo de Madrid Biblioteca del Ateneo de Madrid Depósito folletos 09/12/2016     T-448-F-6 1196796 23/02/2023 23/02/2023 Folleto